[Event "CCT Play-in Chessable Masters 2024"]
[Site "Online"]
[Date "2024.01.31"]
[Round "8"]
[White "Kamsky, Gata"]
[Black "Neiksans, Arturs"]
[Result "1/2-1/2"]
[WhiteElo "2623"]
[BlackElo "2588"]
[Annotator "RC"]
[PlyCount "83"]
[EventDate "2024.01.26"]
[EventType "swiss"]
[EventCountry "NET"]
[SourceTitle "playchess.com"]
[Source "ChessBase"]
[SourceQuality "1"]

1. e4 c5 2. Nf3 e6 3. d4 cxd4 4. Nxd4 a6 5. Nc3 b5 6. Bd3 Bb7 7. O-O Nc6 8. Nxc6 Bxc6 9. Re1 Qb8 10. a4 bxa4 11. Nxa4 Bd6 12. Qh5 Nf6 13. Qh4 Be7 14. Qh3 h5 15. Nc3 Bc5 16. Nd1 Qb7 17. Be3 Bd6 18. f3 h4 19. Bd4 Bf4 20. Ne3 d6 21. Nc4 Bb5 22. e5 Bxc4 23. exf6 Qd5 24. Re4 g5 25. Bxc4 Qxc4 26. Bc3 Qd5 27. Rae1 Kd7 28. Qg4 Rac8 29. Rd4 Qb5 30. Kh1 Rc5 31. Rxf4 gxf4 32. Qg7 Rch5 33. Qxf7+ Kc6 34. Qxe6 h3 35. Rd1 hxg2+ 36. Kg1 Qc5+ 37. Bd4 Qg5 38. Qc4+ Kd7 39. Qf7+ Kc6 40. Qc4+ Kd7 41. Qf7+ Kc6 42. Qc4+ 1/2-1/2

[Event "CCT Play-in Chessable Masters 2024"]
[Site "Online"]
[Date "2024.01.31"]
[Round "8"]
[White "Banusz, Tamas"]
[Black "Akobian, Varuzhan"]
[Result "1/2-1/2"]
[WhiteElo "2621"]
[BlackElo "2571"]
[Annotator "RC"]
[PlyCount "140"]
[EventDate "2024.01.26"]
[EventType "swiss"]
[EventCountry "NET"]
[SourceTitle "playchess.com"]
[Source "ChessBase"]
[SourceQuality "1"]

1. Nf3 d5 2. g3 c5 3. Bg2 Nc6 4. d4 e6 5. O-O Nf6 6. b3 cxd4 7. Nxd4 Bc5 8. Bb2 Qb6 9. Nxc6 bxc6 10. Nd2 a5 11. c4 O-O 12. Bxf6 gxf6 13. e4 d4 14. f4 Kh8 15. Qh5 Ra7 16. Nf3 Be7 17. e5 f5 18. c5 Qd8 19. Ng5 Bxg5 20. Qxg5 Qxg5 21. fxg5 Ba6 22. Rf4 Rd8 23. Rd1 d3 24. Rd2 Bb5 25. Kf2 a4 26. b4 a3 27. Ke3 Rad7 28. Bf1 Kg7 29. Bg2 Kg6 30. h4 h6 31. gxh6 Kxh6 32. g4 Rd5 33. Bxd5 Rxd5 34. gxf5 Rxe5+ 35. Kf3 exf5 36. Rd4 Kh5 37. R2xd3 Bxd3 38. Rxd3 Re4 39. Rxa3 Rxb4 40. Ra6 Kxh4 41. Rxc6 Kg5 42. Rb6 Rc4 43. c6 Rc3+ 44. Ke2 f4 45. Kd2 Rc5 46. Rb7 f5 47. c7 Kg4 48. a4 f3 49. a5 f2 50. Ke2 Kg3 51. c8=Q Rxc8 52. Rg7+ Kf4 53. Kxf2 Rc2+ 54. Kg1 Ra2 55. Ra7 Kg3 56. Rg7+ Kf3 57. Ra7 f4 58. a6 Ra1+ 59. Kh2 Kf2 60. Rf7 f3 61. Rb7 Rxa6 62. Rb2+ Ke3 63. Rb3+ Ke2 64. Rb2+ Kd3 65. Rb3+ Ke4 66. Rb4+ Ke3 67. Rb3+ Kd4 68. Rxf3 Re6 69. Kg3 Re3 70. Rxe3 Kxe3 1/2-1/2

[Event "CCT Play-in Chessable Masters 2024"]
[Site "Online"]
[Date "2024.01.31"]
[Round "8"]
[White "Fandorine"]
[Black "Santos Latasa, Jaime"]
[Result "1/2-1/2"]
[WhiteElo "2615"]
[BlackElo "2615"]
[Annotator "RC"]
[PlyCount "93"]
[EventDate "2024.01.26"]
[EventType "swiss"]
[EventCountry "NET"]
[SourceTitle "playchess.com"]
[Source "ChessBase"]
[SourceQuality "1"]

1. c4 e6 2. g3 d5 3. Bg2 d4 4. Nf3 Nf6 5. d3 c5 6. e4 Nc6 7. e5 Nd7 8. Bf4 g6 9. Nbd2 Bg7 10. Qe2 Qc7 11. O-O h6 12. h4 Ncxe5 13. Rfe1 Nxf3+ 14. Nxf3 Qb6 15. Qd2 a5 16. a3 a4 17. g4 Qa5 18. Qe2 Ra6 19. Rab1 O-O 20. g5 h5 21. Ne5 Nxe5 22. Bxe5 Bxe5 23. Qxe5 Rb6 24. Re4 Qd2 25. Qxc5 Qxd3 26. Ree1 Rb3 27. Bf1 Qd2 28. Red1 Qc2 29. Qxd4 Qf5 30. Re1 e5 31. Qxe5 Qg4+ 32. Bg2 Bf5 33. Rbd1 Qxh4 34. Qf6 Rd3 35. Rxd3 Bxd3 36. c5 Qg4 37. Re7 h4 38. Kh2 Bf5 39. Qe5 Qxg5 40. Rxb7 Qd2 41. Qe3 Qxe3 42. fxe3 Re8 43. Rb4 Rxe3 44. Rxh4 Re2 45. Rxa4 Rxb2 46. Kg1 Rc2 47. c6 1/2-1/2

[Event "CCT Play-in Chessable Masters 2024"]
[Site "Online"]
[Date "2024.01.31"]
[Round "8"]
[White "Paravyan, David"]
[Black "Tabatabaei, M. Amin"]
[Result "1-0"]
[WhiteElo "2612"]
[BlackElo "2696"]
[Annotator "TA"]
[PlyCount "79"]
[EventDate "2024.01.26"]
[EventType "swiss"]
[EventCountry "NET"]
[SourceTitle "playchess.com"]
[Source "ChessBase"]
[SourceQuality "1"]

1. e4 c5 2. Nf3 d6 3. d4 cxd4 4. Nxd4 Nf6 5. Nc3 a6 6. Bg5 Nbd7 7. a3 Qc7 8. Qd2 b5 9. O-O-O Bb7 10. f3 g6 11. Kb1 Bg7 12. Bh6 Bxh6 13. Qxh6 Ne5 14. h4 O-O-O 15. Be2 Kb8 16. g4 Nfd7 17. Nd5 Bxd5 18. exd5 Nf6 19. Qd2 Rc8 20. f4 Nc4 21. Bxc4 Qxc4 22. Nc6+ Ka8 23. Rhe1 Rhe8 24. g5 Qxd5 25. gxf6 Qxd2 26. Rxd2 Rxc6 27. Rxe7 Rf8 28. Rd5 Kb8 29. h5 gxh5 30. Rxh5 d5 31. Rh6 Rc4 32. Rxh7 Rxf4 33. Rhxf7 Rxf6 34. Rb7+ Kc8 35. Rfc7+ Kd8 36. Ra7 Re8 37. b4 d4 38. Rd7+ Kc8 39. Rxd4 Rc6 40. Ra8+ 1-0

[Event "CCT Play-in Chessable Masters 2024"]
[Site "Online"]
[Date "2024.01.31"]
[Round "8"]
[White "Demchenko, Anton"]
[Black "Lazavik, Denis"]
[Result "0-1"]
[WhiteElo "2609"]
[BlackElo "2566"]
[Annotator "RC"]
[PlyCount "166"]
[EventDate "2024.01.26"]
[EventType "swiss"]
[EventCountry "NET"]
[SourceTitle "playchess.com"]
[Source "ChessBase"]
[SourceQuality "1"]

1. e4 e5 2. Nf3 Nc6 3. Bc4 Bc5 4. d3 Nf6 5. Bg5 h6 6. Bh4 Be7 7. Bg3 d6 8. a4 O-O 9. h3 Kh8 10. O-O Nh7 11. Nc3 f5 12. exf5 Bxf5 13. Nd5 Qd7 14. a5 a6 15. c3 Rae8 16. Re1 Bd8 17. Nh4 Bxh4 18. Bxh4 Be6 19. Ne3 Rf4 20. Bg3 Rf7 21. Bxe6 Qxe6 22. d4 exd4 23. cxd4 Qd7 24. d5 Ne7 25. Qb3 Rb8 26. Rac1 Nf6 27. Qc4 Nf5 28. Nxf5 Qxf5 29. Rcd1 Nh5 30. Kh2 Rbf8 31. Re2 Qg5 32. Rde1 Nf4 33. Re8 Qxd5 34. Qe4 Qxe4 35. R1xe4 Nd3 36. R4e7 Rxe8 37. Rxe8+ Kh7 38. Rb8 c6 39. Bxd6 Nxf2 40. b4 Nd3 41. g4 Rd7 42. Bf8 Ne5 43. Kg3 Rd3+ 44. Kg2 Rd7 45. Kg3 Rf7 46. Bc5 Nc4 47. h4 Nd2 48. h5 Ne4+ 49. Kh4 Rf1 50. Kh3 Rf3+ 51. Kh2 Rf7 52. Kh3 Ng5+ 53. Kg2 Ne6 54. Bd6 Rd7 55. Be5 Rf7 56. Kg3 Ng5 57. Bd4 Nf3 58. Bc3 Ng5 59. Bd4 Rd7 60. Bc5 Ne4+ 61. Kf4 Nxc5 62. bxc5 Rd4+ 63. Kf3 Rb4 64. Kg3 Rb5 65. Kf4 Rxa5 66. Rxb7 Rxc5 67. Ra7 a5 68. Ra6 Kg8 69. Ra7 Kf8 70. Ke4 Rb5 71. Kf4 Kg8 72. Ke4 c5 73. Ra8+ Kh7 74. Ra7 c4 75. Rc7 a4 76. Rxc4 Ra5 77. Rc2 a3 78. Ra2 Kg8 79. Kf3 Kf7 80. Kf4 Kf6 81. Ke4 Kg5 82. Kf3 Ra4 83. Ke3 Kxg4 0-1

[Event "CCT Play-in Chessable Masters 2024"]
[Site "Online"]
[Date "2024.01.31"]
[Round "8"]
[White "Dreev, Aleksey"]
[Black "Sargissian, Gabriel"]
[Result "1/2-1/2"]
[WhiteElo "2606"]
[BlackElo "2672"]
[Annotator "RC"]
[PlyCount "160"]
[EventDate "2024.01.26"]
[EventType "swiss"]
[EventCountry "NET"]
[SourceTitle "playchess.com"]
[Source "ChessBase"]
[SourceQuality "1"]

1. d4 d5 2. c4 e6 3. Nc3 Nf6 4. cxd5 exd5 5. Bg5 c6 6. e3 h6 7. Bh4 Be7 8. Bd3 O-O 9. Nge2 Re8 10. O-O Nh5 11. Bxe7 Qxe7 12. Qd2 Nd7 13. Rae1 Nf8 14. Nc1 Be6 15. Bb1 Rad8 16. f3 Nf6 17. Qf2 b6 18. Nd3 c5 19. Ne5 Qb7 20. g4 N6d7 21. Nd3 f6 22. h4 Bf7 23. Nf4 Nb8 24. Rd1 cxd4 25. exd4 Nc6 26. h5 Qb8 27. Qh2 Ne6 28. Nxe6 Qxh2+ 29. Kxh2 Rxe6 30. Kg3 Kf8 31. Kf2 Na5 32. Bd3 Nc4 33. Bxc4 dxc4 34. d5 Re5 35. Rd4 b5 36. f4 Re7 37. Nxb5 Rb7 38. Nc3 Rxb2+ 39. Kg3 Rc2 40. Rf3 a5 41. a4 Rc8 42. d6 Rd8 43. Re3 Rb2 44. f5 Rb3 45. Kf4 Rb6 46. Nb5 Rc6 47. d7 Rc5 48. Rd6 c3 49. Rxc3 Rxc3 50. Nxc3 Ke7 51. Ra6 Rxd7 52. Nb5 Rd1 53. Ra7+ Kf8 54. Rxa5 Rf1+ 55. Ke3 Rg1 56. Ra8+ Ke7 57. Ra7+ Kf8 58. Nd6 Bd5 59. Kd4 Bh1 60. Kc5 Rxg4 61. a5 Rg5 62. a6 Rxh5 63. Rc7 Rh2 64. Kb6 Rb2+ 65. Nb5 h5 66. a7 h4 67. Rc1 Bf3 68. Rc3 Bg2 69. Rh3 Rb4 70. Rh2 Bd5 71. Rd2 Bh1 72. Rh2 Bd5 73. Ka5 Rf4 74. Rd2 Bh1 75. Rd1 Bg2 76. Rg1 Bd5 77. Rd1 Bg2 78. Rd2 Bh1 79. Rh2 Bd5 80. Rd2 Bh1 1/2-1/2

[Event "CCT Play-in Chessable Masters 2024"]
[Site "Online"]
[Date "2024.01.31"]
[Round "8"]
[White "Antipov, Mikhail Al."]
[Black "Cardoso Cardoso, Jose Gabriel"]
[Result "1-0"]
[WhiteElo "2604"]
[BlackElo "2477"]
[Annotator "RC"]
[PlyCount "115"]
[EventDate "2024.01.26"]
[EventType "swiss"]
[EventCountry "NET"]
[SourceTitle "playchess.com"]
[Source "ChessBase"]
[SourceQuality "1"]

1. e4 c5 2. Nf3 d6 3. Bb5+ Nd7 4. O-O a6 5. Bd3 Ngf6 6. Re1 e6 7. Bf1 b6 8. d4 cxd4 9. Nxd4 Bb7 10. f3 Be7 11. c4 O-O 12. Nc3 Rc8 13. Qd2 Qc7 14. b3 Qb8 15. Ba3 Nc5 16. Nd1 Rfe8 17. Nf2 Bd8 18. Bb2 Bc7 19. Kh1 Ncd7 20. Nh3 Ne5 21. Rad1 Ng6 22. Ne2 Ne5 23. Ng3 Rcd8 24. f4 Ned7 25. Bd3 Bc6 26. Qe2 Qb7 27. a4 h6 28. Nf2 Rb8 29. Ng4 Bd8 30. Bb1 Nxg4 31. Qxg4 Bf6 32. Qe2 b5 33. cxb5 axb5 34. a5 b4 35. Rxd6 Bb5 36. Qf2 Bxb2 37. Qxb2 Qc7 38. Red1 Nf6 39. a6 Qc5 40. h3 Qe3 41. Nf1 Qxf4 42. Qd2 Qe5 43. Nh2 Nh5 44. Nf3 Ng3+ 45. Kg1 Qc5+ 46. Kh2 Nf1+ 47. Rxf1 Bxf1 48. e5 Qc3 49. Qf4 Qxb3 50. Nd2 Qc3 51. Nxf1 b3 52. Ng3 b2 53. Qe4 g6 54. Nh5 Kf8 55. Rd7 Rb5 56. Nf6 Rxe5 57. Qf4 Rf5 58. Qxh6# 1-0

[Event "CCT Play-in Chessable Masters 2024"]
[Site "Online"]
[Date "2024.01.31"]
[Round "8"]
[White "Iturrizaga Bonelli, Eduardo"]
[Black "Kevlishvili, Robby"]
[Result "1-0"]
[WhiteElo "2600"]
[BlackElo "2531"]
[Annotator "RC"]
[PlyCount "79"]
[EventDate "2024.01.26"]
[EventType "swiss"]
[EventCountry "NET"]
[SourceTitle "playchess.com"]
[Source "ChessBase"]
[SourceQuality "1"]

1. c4 e6 2. Nf3 d5 3. g3 Nf6 4. Bg2 dxc4 5. Qa4+ Nbd7 6. Qxc4 a6 7. Qc2 Be7 8. O-O O-O 9. Nc3 Rb8 10. Rd1 b5 11. Nd4 Ne5 12. Nc6 Nxc6 13. Bxc6 Nd5 14. Nxd5 exd5 15. d4 Be6 16. Bf4 Bd6 17. Bxd6 Qxd6 18. Rac1 Rb6 19. e4 Rc8 20. e5 Qd8 21. Qd2 g6 22. Rc5 Qe7 23. Bxd5 Bxd5 24. Rxd5 Rc6 25. a4 bxa4 26. Ra5 Rc4 27. Rc1 Rxc1+ 28. Qxc1 Qb4 29. Qc3 Rb8 30. Rxa6 Qxb2 31. Qxb2 Rxb2 32. Rxa4 Rc2 33. Kg2 f6 34. Ra6 fxe5 35. dxe5 Re2 36. Ra5 Kf7 37. Rc5 g5 38. Kf3 Re1 39. Kg4 Re2 40. Rxc7+ 1-0

[Event "CCT Play-in Chessable Masters 2024"]
[Site "Online"]
[Date "2024.01.31"]
[Round "8"]
[White "Vaibhav, Suri"]
[Black "Sarana, Alexey"]
[Result "0-1"]
[WhiteElo "2596"]
[BlackElo "2695"]
[Annotator "TA"]
[PlyCount "108"]
[EventDate "2024.01.26"]
[EventType "swiss"]
[EventCountry "NET"]
[SourceTitle "playchess.com"]
[Source "ChessBase"]
[SourceQuality "1"]

1. e4 c5 2. Nf3 e6 3. d4 cxd4 4. Nxd4 Nc6 5. c4 Qh4 6. Nc3 Bb4 7. Nxc6 Qxe4+ 8. Be2 Qxc6 9. O-O Nf6 10. Bf4 O-O 11. Rc1 a6 12. Be5 Be7 13. Bf3 Qc5 14. Bd4 Qf5 15. c5 Rd8 16. Bxf6 Qxf6 17. Qb3 Qe5 18. Na4 d5 19. cxd6 Bxd6 20. g3 Bd7 21. Nb6 Rab8 22. Rfd1 Bb5 23. a4 Bc7 24. axb5 Bxb6 25. bxa6 Rxd1+ 26. Rxd1 Qc5 27. axb7 Qxf2+ 28. Kh1 g6 29. Qc3 Rf8 30. Bg2 Ba7 31. b4 h5 32. Qd2 Qb6 33. Qd6 Qe3 34. Qd2 Qa3 35. Rf1 Qa6 36. Qc3 Bb8 37. Ra1 Qd6 38. Qc5 Qd8 39. Qc4 Qd2 40. Rf1 Rd8 41. Qc5 Rf8 42. Qe7 Bd6 43. Qd7 Qxb4 44. Bf3 h4 45. gxh4 Qd2 46. Bg2 Qb4 47. Bf3 Qf4 48. Rf2 Bc5 49. Qd2 Qxh4 50. Rg2 Ba7 51. Qe2 Rd8 52. Be4 Qf6 53. h3 Qa1+ 54. Kh2 Bb8+ 0-1

[Event "CCT Play-in Chessable Masters 2024"]
[Site "Online"]
[Date "2024.01.31"]
[Round "8"]
[White "Vokhidov, Shamsiddin"]
[Black "Kovalev, Vladislav"]
[Result "1-0"]
[WhiteElo "2596"]
[BlackElo "2579"]
[Annotator "RC"]
[PlyCount "94"]
[EventDate "2024.01.26"]
[EventType "swiss"]
[EventCountry "NET"]
[SourceTitle "playchess.com"]
[Source "ChessBase"]
[SourceQuality "1"]

1. e4 e5 2. Nf3 Nc6 3. Bb5 a6 4. Ba4 Nf6 5. O-O Be7 6. Re1 b5 7. Bb3 d6 8. c3 O-O 9. h3 Be6 10. d4 Bxb3 11. axb3 exd4 12. cxd4 Nb4 13. Nc3 c5 14. Bf4 Nd7 15. Qd2 Qb6 16. Red1 Rad8 17. Be3 Rfe8 18. Ne2 Qb7 19. Ng3 Nf6 20. d5 g6 21. Bg5 Nd7 22. Bf4 Bf8 23. Nh2 Ne5 24. Bg5 Be7 25. Bh6 Bf6 26. f4 Ned3 27. Ng4 Bd4+ 28. Kh2 Qe7 29. e5 dxe5 30. Bg5 exf4 31. Bxe7 fxg3+ 32. Kxg3 Rxe7 33. Qg5 Red7 34. Rf1 Nxd5 35. Nh6+ Kg7 36. Rxf7+ Rxf7 37. Nxf7 Bf6 38. Qh6+ Kxf7 39. Qxh7+ Ke6 40. Qxg6 Rd6 41. Qxd3 Be5+ 42. Kf3 Nf4 43. Qe4 Rd3+ 44. Kg4 Rd6 45. Qf5+ Kd5 46. Rd1+ Kc6 47. Qxe5 Rxd1 1-0

[Event "CCT Play-in Chessable Masters 2024"]
[Site "Online"]
[Date "2024.01.31"]
[Round "8"]
[White "Indjic, Aleksandar"]
[Black "Hakobyan, Aram"]
[Result "1-0"]
[WhiteElo "2595"]
[BlackElo "2616"]
[Annotator "RC"]
[PlyCount "105"]
[EventDate "2024.01.26"]
[EventType "swiss"]
[EventCountry "NET"]
[SourceTitle "playchess.com"]
[Source "ChessBase"]
[SourceQuality "1"]

1. d4 Nf6 2. c4 e6 3. Nc3 Bb4 4. Qc2 O-O 5. a3 Bxc3+ 6. Qxc3 d6 7. Bg5 h6 8. Bh4 Re8 9. e3 e5 10. Nf3 Nc6 11. d5 Nb8 12. Qc2 a5 13. b3 Na6 14. Nd2 Nc5 15. Be2 g5 16. Bg3 Nh7 17. h4 g4 18. e4 Rf8 19. f3 f5 20. fxg4 fxg4 21. Bf2 Bd7 22. Be3 h5 23. g3 Qe7 24. O-O-O a4 25. b4 Nb3+ 26. Kb2 Nd4 27. Qd3 Nxe2 28. Qxe2 b6 29. Rhf1 Rxf1 30. Rxf1 Rf8 31. Rf2 Be8 32. Qf1 Rxf2 33. Qxf2 Bg6 34. Kc3 Qg7 35. Kd3 Nf6 36. Bg5 Nd7 37. Ke3 Qh7 38. Qf1 Qg7 39. Qd1 Qf7 40. Qxa4 Nf6 41. Qa8+ Kh7 42. Bxf6 Qxf6 43. Qc8 Qe7 44. a4 Be8 45. a5 bxa5 46. bxa5 c6 47. a6 Qa7+ 48. Ke2 Qg1 49. Qxe8 Qxg3 50. Qf7+ Kh6 51. a7 Qa3 52. Qf8+ Kg6 53. a8=Q 1-0

[Event "CCT Play-in Chessable Masters 2024"]
[Site "Online"]
[Date "2024.01.31"]
[Round "8"]
[White "Yoo, Christopher Woojin"]
[Black "KuzubovYuriy"]
[Result "0-1"]
[WhiteElo "2595"]
[BlackElo "2696"]
[Annotator "TA"]
[PlyCount "144"]
[EventDate "2024.01.26"]
[EventType "swiss"]
[EventCountry "NET"]
[SourceTitle "playchess.com"]
[Source "ChessBase"]
[SourceQuality "1"]

1. e4 e6 2. d4 d5 3. Nc3 Bb4 4. exd5 exd5 5. Qf3 Nc6 6. Bb5 Nge7 7. Nge2 O-O 8. O-O Bf5 9. a3 Bd6 10. Bd3 Bxd3 11. Qxd3 Qd7 12. Nb5 Nd8 13. Nxd6 Qxd6 14. Bd2 Re8 15. Bb4 Qd7 16. Bxe7 Rxe7 17. Nf4 Ne6 18. Nxe6 Qxe6 19. Qd2 Rae8 20. h3 h5 21. Qg5 g6 22. Rad1 c6 23. c3 Kg7 24. Qd2 Qe2 25. Kh2 Qxd2 26. Rxd2 Re2 27. Rfd1 h4 28. Kg1 Rxd2 29. Rxd2 Re1+ 30. Kh2 Kf6 31. g3 Kf5 32. f3 g5 33. Kg2 a5 34. Kf2 Rh1 35. Kg2 Rb1 36. Re2 f6 37. Kf2 a4 38. Kg2 b6 39. Kf2 Rd1 40. Kg2 hxg3 41. Kxg3 c5 42. dxc5 bxc5 43. Re7 Rg1+ 44. Kf2 Rc1 45. Kg3 Rg1+ 46. Kf2 Rb1 47. Rb7 Kf4 48. Rb6 f5 49. Rb5 c4 50. Ke2 Rh1 51. Rxd5 Rh2+ 52. Kd1 Rxh3 53. Rc5 Rh1+ 54. Kd2 Rh2+ 55. Kc1 Re2 56. Kb1 Re5 57. Rxc4+ Kxf3 58. Rxa4 g4 59. Ra8 g3 60. Rg8 g2 61. a4 f4 62. Ka2 Kf2 63. b4 g1=Q 64. Rxg1 Kxg1 65. a5 f3 66. a6 f2 67. a7 Re8 68. b5 f1=Q 69. b6 Qa6+ 70. Kb3 Qxb6+ 71. Kc2 Qxa7 72. Kb3 Qb6+ 0-1

[Event "CCT Play-in Chessable Masters 2024"]
[Site "Online"]
[Date "2024.01.31"]
[Round "8"]
[White "Lupulescu, Constantin"]
[Black "Predke, Alexandr"]
[Result "1-0"]
[WhiteElo "2589"]
[BlackElo "2668"]
[Annotator "TA"]
[PlyCount "93"]
[EventDate "2024.01.26"]
[EventType "swiss"]
[EventCountry "NET"]
[SourceTitle "playchess.com"]
[Source "ChessBase"]
[SourceQuality "1"]

1. d4 Nf6 2. c4 e6 3. Nc3 Bb4 4. e3 c5 5. Nge2 cxd4 6. exd4 O-O 7. a3 Be7 8. Nf4 d6 9. Bd3 Nc6 10. d5 exd5 11. Nfxd5 Ng4 12. Be2 Nge5 13. O-O Re8 14. f4 Nd7 15. Nb5 Nf6 16. Ndc7 a6 17. Nxe8 Qb6+ 18. Kh1 Nxe8 19. Nc3 Nf6 20. Nd5 Nxd5 21. cxd5 Nb8 22. Qd3 Nd7 23. b4 Bf6 24. Be3 Qd8 25. Rac1 a5 26. Bg4 axb4 27. axb4 Nc5 28. bxc5 Bxg4 29. c6 bxc6 30. dxc6 d5 31. Bd4 Bxd4 32. Qxd4 g6 33. Qe5 d4 34. c7 Qd7 35. Rb1 Rc8 36. Rb8 d3 37. Rxc8+ Qxc8 38. Qd6 Qb7 39. Rc1 Bc8 40. Qxd3 h5 41. h3 Kh7 42. Kh2 Qb4 43. Qe3 h4 44. Rd1 Qa5 45. Qe5 Qa3 46. Rd8 f6 47. Qe1 1-0

[Event "CCT Play-in Chessable Masters 2024"]
[Site "Online"]
[Date "2024.01.31"]
[Round "8"]
[White "Lysyj, Igor"]
[Black "Le, Tuan Minh"]
[Result "1-0"]
[WhiteElo "2589"]
[BlackElo "2567"]
[Annotator "RC"]
[PlyCount "83"]
[EventDate "2024.01.26"]
[EventType "swiss"]
[EventCountry "NET"]
[SourceTitle "playchess.com"]
[Source "ChessBase"]
[SourceQuality "1"]

1. d4 d5 2. c4 e6 3. Nf3 a6 4. cxd5 exd5 5. Nc3 h6 6. Bf4 Nf6 7. e3 Bd6 8. Be5 c6 9. h3 Qe7 10. Bd3 Nbd7 11. Bxd6 Qxd6 12. O-O O-O 13. Qc2 Re8 14. Rab1 a5 15. a3 Qe7 16. b4 axb4 17. axb4 b5 18. Rfe1 Ne4 19. Nd2 Ndf6 20. Bxe4 dxe4 21. Ne2 Be6 22. Ng3 Bd5 23. Qc3 Ra4 24. Ne2 Rea8 25. Nf4 R8a6 26. Rec1 Ra3 27. Qc5 Qxc5 28. Rxc5 Ra1 29. Rxa1 Rxa1+ 30. Kh2 Ra2 31. Nxd5 Nxd5 32. Nxe4 Nxb4 33. g4 Kf8 34. Kg3 Ke7 35. d5 Rc2 36. Rxc2 Nxc2 37. dxc6 b4 38. Kf3 b3 39. c7 b2 40. c8=Q Ne1+ 41. Ke2 b1=Q 42. Qc7+ 1-0

[Event "CCT Play-in Chessable Masters 2024"]
[Site "Online"]
[Date "2024.01.31"]
[Round "8"]
[White "Aditya Mittal"]
[Black "Safarli, Eltaj"]
[Result "1/2-1/2"]
[WhiteElo "2588"]
[BlackElo "2604"]
[Annotator "RC"]
[PlyCount "95"]
[EventDate "2024.01.26"]
[EventType "swiss"]
[EventCountry "NET"]
[SourceTitle "playchess.com"]
[Source "ChessBase"]
[SourceQuality "1"]

1. d4 Nf6 2. c4 e6 3. Nc3 Bb4 4. Nf3 b6 5. e3 Bb7 6. Bd3 O-O 7. O-O Bxc3 8. bxc3 d6 9. Nd2 c5 10. f4 Nc6 11. Bb2 d5 12. Qe2 Re8 13. Nf3 dxc4 14. Bxc4 Na5 15. Bb5 Bc6 16. Bd3 Be4 17. Bb5 Re7 18. Ne5 Rc7 19. Rad1 Qc8 20. Ba6 Qe8 21. Bb5 Qe7 22. Ba3 Nd5 23. Qe1 a6 24. Be2 Nxe3 25. Bh5 Nxd1 26. Qxe4 Rf8 27. Rxd1 f6 28. Bf7+ Rxf7 29. Nxf7 Kxf7 30. d5 exd5 31. Qxd5+ Qe6 32. Qh5+ Ke7 33. Qxh7 Qg4 34. Qe4+ Kf7 35. Re1 Kg8 36. Qe8+ Kh7 37. Re3 Qd1+ 38. Kf2 Qc2+ 39. Ke1 Qb1+ 40. Kf2 Qxa2+ 41. Ke1 Qf7 42. Rh3+ Kg6 43. f5+ Kxf5 44. Rf3+ Kg6 45. Rg3+ Kf5 46. Rf3+ Kg6 47. Rg3+ Kf5 48. Rf3+ 1/2-1/2

[Event "CCT Play-in Chessable Masters 2024"]
[Site "Online"]
[Date "2024.01.31"]
[Round "8"]
[White "Fridman, Daniel"]
[Black "Tari, Aryan"]
[Result "1-0"]
[WhiteElo "2588"]
[BlackElo "2623"]
[Annotator "RC"]
[PlyCount "129"]
[EventDate "2024.01.26"]
[EventType "swiss"]
[EventCountry "NET"]
[SourceTitle "playchess.com"]
[Source "ChessBase"]
[SourceQuality "1"]

1. d4 Nf6 2. Nf3 d5 3. c4 e6 4. g3 dxc4 5. Bg2 a6 6. Ne5 Bb4+ 7. Nc3 Nd5 8. Bd2 b5 9. O-O Bxc3 10. bxc3 O-O 11. a4 f6 12. Ng4 Bb7 13. e4 Nb6 14. Qb1 N8d7 15. axb5 a5 16. Bc1 e5 17. Ne3 exd4 18. cxd4 Re8 19. Bb2 Qe7 20. Ba3 Qf7 21. Qc2 a4 22. Bb4 Qh5 23. d5 Ne5 24. f4 Nf7 25. Rfe1 Nd6 26. Bxd6 cxd6 27. Nf5 Red8 28. Nd4 a3 29. Re3 a2 30. Bf3 Qe8 31. Kf2 Ra5 32. Rxa2 Rda8 33. Rxa5 Rxa5 34. Re2 Qc8 35. Qc3 Ra8 36. Qb4 Qd7 37. Nf5 Bxd5 38. Qxd6 Qxd6 39. Nxd6 Rd8 40. e5 fxe5 41. fxe5 Rf8 42. Re3 Be6 43. Ke2 g5 44. Ra3 g4 45. Be4 Nd7 46. Re3 Rb8 47. Bc6 Nc5 48. Ra3 Nd3 49. Ke3 Nxe5 50. Kd4 Nxc6+ 51. bxc6 Rb3 52. Rxb3 cxb3 53. Kc3 Kg7 54. c7 Kf6 55. c8=Q Bxc8 56. Nxc8 Ke5 57. Ne7 Ke4 58. Ng8 Kf3 59. Nf6 Kg2 60. Kxb3 Kh3 61. Kc4 Kxh2 62. Nh5 Kg2 63. Kd4 Kf3 64. Ke5 h6 65. Kf5 1-0

[Event "CCT Play-in Chessable Masters 2024"]
[Site "Online"]
[Date "2024.01.31"]
[Round "8"]
[White "BilodeauA"]
[Black "Pakleza, Zbigniew"]
[Result "1-0"]
[WhiteElo "2587"]
[BlackElo "2482"]
[Annotator "RC"]
[PlyCount "55"]
[EventDate "2024.01.26"]
[EventType "swiss"]
[EventCountry "NET"]
[SourceTitle "playchess.com"]
[Source "ChessBase"]
[SourceQuality "1"]

1. e4 d6 2. Bc4 Nf6 3. d3 c6 4. Bb3 Bg4 5. Nf3 e6 6. h3 Bh5 7. Qe2 Be7 8. Bf4 d5 9. Nbd2 Na6 10. c3 Nc5 11. Bc2 a5 12. a4 h6 13. g4 Bg6 14. Ne5 Bh7 15. h4 Nfd7 16. g5 Bg8 17. gxh6 gxh6 18. O-O-O Nxe5 19. Bxe5 f6 20. Bg3 Qb6 21. d4 Nxe4 22. Nxe4 dxe4 23. Qxe4 Bf7 24. Rhe1 h5 25. Qf4 Rg8 26. Rd2 Kd7 27. Bf5 Rae8 28. d5 1-0

[Event "CCT Play-in Chessable Masters 2024"]
[Site "Online"]
[Date "2024.01.31"]
[Round "8"]
[White "Sasikiran, Krishnan"]
[Black "Samadov, Read"]
[Result "1/2-1/2"]
[WhiteElo "2586"]
[BlackElo "2502"]
[Annotator "RC"]
[PlyCount "97"]
[EventDate "2024.01.26"]
[EventType "swiss"]
[EventCountry "NET"]
[SourceTitle "playchess.com"]
[Source "ChessBase"]
[SourceQuality "1"]

1. d4 Nf6 2. c4 g6 3. g3 Bg7 4. Bg2 O-O 5. Nc3 Nc6 6. Nf3 d5 7. cxd5 Nxd5 8. O-O Nb6 9. e3 Re8 10. a3 e5 11. d5 Na5 12. Qc2 c6 13. b4 Nac4 14. dxc6 bxc6 15. Rd1 Qe7 16. Nd2 e4 17. Nxc4 Nxc4 18. Ra2 Ne5 19. Nxe4 Bg4 20. h3 Bxd1 21. Qxd1 Rad8 22. Qe2 Nd3 23. Rc2 a5 24. Nc5 Nxc1 25. Rxc1 axb4 26. axb4 Rd6 27. Kh2 h5 28. h4 Be5 29. Rc4 Red8 30. Re4 Rd2 31. Qf3 Qf6 32. Kg1 Rb2 33. Qxf6 Bxf6 34. Bf3 Kg7 35. Rc4 Rdd2 36. Ne4 Rdc2 37. Rc5 Be7 38. Re5 Bxb4 39. Kf1 Rc1+ 40. Kg2 Be1 41. Re7 Bxf2 42. Nd6 Kf6 43. Re4 Rg1+ 44. Kh2 Rxg3 45. Ne8+ Kf5 46. Nd6+ Kf6 47. Ne8+ Kf5 48. Ng7+ Kf6 49. Ne8+ 1/2-1/2

[Event "CCT Play-in Chessable Masters 2024"]
[Site "Online"]
[Date "2024.01.31"]
[Round "8"]
[White "igorkovalenko"]
[Black "Mendonca, Leon Luke"]
[Result "1-0"]
[WhiteElo "2585"]
[BlackElo "2608"]
[Annotator "RC"]
[PlyCount "87"]
[EventDate "2024.01.26"]
[EventType "swiss"]
[EventCountry "NET"]
[SourceTitle "playchess.com"]
[Source "ChessBase"]
[SourceQuality "1"]

1. d4 Nf6 2. Bg5 d5 3. Nd2 e6 4. e3 Be7 5. Bd3 b6 6. c3 O-O 7. f4 Ba6 8. Bxa6 Nxa6 9. Qe2 Nb8 10. Ngf3 c5 11. Bxf6 Bxf6 12. g4 Nc6 13. h4 Be7 14. g5 Rb8 15. a4 Qc7 16. Ne5 cxd4 17. exd4 f6 18. Nd3 Qd7 19. Nf3 Bd6 20. O-O-O Rbe8 21. Rde1 Na5 22. Qc2 b5 23. gxf6 Rxf6 24. Ng5 Rf5 25. Ne5 Bxe5 26. Rxe5 Nc4 27. Re2 b4 28. Rhe1 e5 29. fxe5 bxc3 30. b3 Rxg5 31. hxg5 Nd2 32. e6 Qd6 33. Qxc3 Ne4 34. Rxe4 dxe4 35. Rxe4 Qd5 36. Re5 Qh1+ 37. Kb2 Qg2+ 38. Ka3 Qb7 39. Qc4 Qe7+ 40. Qb4 Qc7 41. Re1 Kh8 42. d5 a5 43. Qd2 Qd6+ 44. Ka2 1-0